[Event "Trophee CCAS KO"]
[Site "Cap d'Agde FRA"]
[Date "2010.10.30"]
[Round "2.3"]
[White "Nakamura,Hi"]
[Black "Le Quang Liem"]
[Result "1-0"]
[WhiteElo "2733"]
[BlackElo "2694"]

1.g3 Nf6 2.d3 d5 3.Bg2 e5 4.Nd2 Nc6 5.c3 a5 6.e4 Bc5 7.Ngf3 dxe4 8.dxe4 O-O
9.O-O h6 10.Qc2 Be6 11.a4 Qd7 12.Re1 Rfd8 13.Nb3 Bb6 14.Be3 Qd3 15.Qxd3 Rxd3
16.Bxb6 cxb6 17.Nbd2 Rad8 18.Nf1 Nd7 19.Ne3 Nc5 20.Bf1 R3d7 21.Nc4 Bxc4 22.Bxc4 Kf8
23.Bb5 f6 24.Kg2 Rd6 25.Rab1 Na7 26.b4 axb4 27.cxb4 Ne6 28.Bc4 Nd4 29.Nh4 g5
30.Ng6+ Ke8 31.h4 g4 32.h5 Nac6 33.Rec1 Ra8 34.a5 bxa5 35.bxa5 Nxa5 36.Bd5 Rd7
37.Rb6 Ndc6 38.Nh4 Ne7 39.Rxf6 Nxd5 40.exd5 Ra6 41.Rc8+ Ke7 42.Rxa6 bxa6
43.Nf5+ Kf6 44.Ne3 Kg5 45.Rg8+ Kxh5 46.Nxg4 Rf7 47.Kh3 Nc4 48.Nf6+ Rxf6 49.g4+  1-0

[Event "Trophee CCAS KO"]
[Site "Cap d'Agde FRA"]
[Date "2010.10.30"]
[Round "2.1"]
[White "Le Quang Liem"]
[Black "Nakamura,Hi"]
[Result "1-0"]
[WhiteElo "2694"]
[BlackElo "2733"]

1.d4 Nf6 2.c4 e6 3.g3 d5 4.Bg2 Bb4+ 5.Bd2 Be7 6.Nf3 c6 7.Qc2 O-O 8.O-O b6
9.Rd1 Ba6 10.b3 Nbd7 11.a4 c5 12.Na3 Bb7 13.Qb2 Ne4 14.Be1 f5 15.e3 Bf6 16.Rac1 Qe7
17.b4 Bc6 18.Qb3 a5 19.bxa5 bxa5 20.cxd5 Bxd5 21.Nc4 Rfc8 22.Qd3 cxd4 23.exd4 Bc6
24.Ra1 Qd8 25.Nfe5 Bd5 26.Rac1 Nxe5 27.Nxe5 Qe8 28.Nc4 Qc6 29.Ne3 Qxc1 30.Nxd5 exd5
31.Rxc1 Rxc1 32.Qe3 Ra1 33.Bf1 Rb8 34.Bc3 Rxa4 35.Qf4 Rd8 36.Qc7 Nxc3 37.Qxc3 Rxd4
38.Qxa5 g6 39.Qb6 Rf8 40.Bb5 Kg7 41.Bc6 Rf7 42.Qc5 Rd2 43.Qa5 Rc2 44.Qxd5 Ra7
45.Ba4 Rc8 46.Bb3 Rd8 47.Qc4 Re7 48.h4 h5 49.Kg2 Kh7 50.Qc6 Bg7 51.Bd5 Bd4
52.Kf3 Kg7 53.Bb3 Rb8 54.Qd5 Bf6 55.Kg2 Ra7 56.Qc5 Rd7 57.Qc4 Rdb7 58.Ba2 Rd8
59.Bb3 Rd2 60.Qg8+ Kh6 61.Qc4 Rbd7 62.Qe6 R2d6 63.Qe3+ Kg7 64.Qe8 Rd8 65.Qf7+ Kh6
66.Qc4 Bd4 67.Qc1+ Kg7 68.Qc4 R6d7 69.Qe6 Rc7 70.Kf1 Bf6 71.Kg2 Rf8 72.Qd6 Re7
73.Qd5 Rc8 74.Bc4 Rec7 75.Bb3 Re8 76.Qd6 Be5 77.Qd5 f4 78.Qe4 Rce7 79.Bc2 Re6
80.Ba4 R8e7 81.gxf4 Bf6 82.Qd5 Bxh4 83.Bb3 Rf6 84.Qg8+ Kh6 85.Qh8+ Rh7 86.Qb8 Re7
87.Kh3 g5 88.Qh8+ Kg6 89.Bc2+ Kf7 90.fxg5 Bxg5 91.Qxh5+ Kf8 92.Qxg5 Rf3+
93.Kg2 Ref7 94.Qd8+ Kg7 95.Qd4+ Kf8 96.Qh8+ Ke7 97.Qh4+ Kd6 98.Qd4+ Kc7 99.Qc5+  1-0

[Event "Trophee CCAS KO"]
[Site "Cap d'Agde FRA"]
[Date "2010.10.31"]
[Round "3.1"]
[White "Ivanchuk,V"]
[Black "Nakamura,Hi"]
[Result "1-0"]
[WhiteElo "2754"]
[BlackElo "2733"]

1.e4 e5 2.f4 Nc6 3.Nf3 f5 4.d3 d6 5.Nc3 Nf6 6.g3 g6 7.Bg2 Bg7 8.fxe5 dxe5
9.Bg5 h6 10.Be3 O-O 11.O-O fxe4 12.dxe4 Be6 13.a3 Kh7 14.Kh1 a6 15.Bg1 Rf7
16.Qe2 Nd4 17.Qd3 Nxf3 18.Qxf3 Rd7 19.Rad1 Bg4 20.Rxd7 Bxf3 21.Rxd8 Bxg2+
22.Kxg2 Rxd8 23.Be3 g5 24.h3 Kg6 25.g4 c6 26.Rf2 b5 27.Rd2 Rxd2+ 28.Bxd2 Bf8
29.Kf3 h5 30.Ne2 hxg4+ 31.hxg4 Nd7 32.Nc1 c5 33.Na2 Nb8 34.c4 bxc4 35.Nc3 Nc6
36.Nd5 Nd4+ 37.Ke3 Kf7 38.Nb6 Ke6 39.Nxc4 Be7 40.Ba5 Nb5 41.Kd3 Nd6 42.Nxd6  1-0

[Event "Tal Memorial"]
[Site "Moscow RUS"]
[Date "2010.11.06"]
[Round "2"]
[White "Nakamura,Hi"]
[Black "Eljanov,P"]
[Result "1-0"]
[WhiteElo "2741"]
[BlackElo "2742"]

1.d4 Nf6 2.c4 e6 3.g3 Bb4+ 4.Nd2 c5 5.dxc5 Bxc5 6.Bg2 O-O 7.Ngf3 Nc6 8.O-O d5
9.e3 Qe7 10.cxd5 exd5 11.Nb3 Bb6 12.a4 a6 13.Nbd4 Bg4 14.Qb3 Ba7 15.Bd2 Ne4
16.Bc3 Nxc3 17.bxc3 Rfd8 18.Nd2 Na5 19.Qa2 Qd7 20.N2f3 Qe7 21.Ne2 Bf5 22.Nf4 Be4
23.Rfd1 Qc5 24.Ng5 Bxg2 25.Kxg2 h6 26.Rxd5 Rxd5 27.Ne4 Qc4 28.Qxc4 Nxc4 29.Nxd5 Re8
30.Nef6+ gxf6 31.Nxf6+ Kf8 32.Nxe8 Kxe8 33.Rb1 Nd6 34.e4 b6 35.e5 Nb7 36.Rb4 Nc5
37.Rh4 Kf8 38.Rxh6 Kg7 39.Rc6 Nxa4 40.e6  1-0

[Event "Tal Memorial"]
[Site "Moscow RUS"]
[Date "2010.11.08"]
[Round "4"]
[White "Nakamura,Hi"]
[Black "Kramnik,V"]
[Result "1/2-1/2"]
[WhiteElo "2741"]
[BlackElo "2791"]

1.e4 e5 2.Nf3 Nf6 3.Nxe5 d6 4.Nf3 Nxe4 5.Nc3 Nxc3 6.dxc3 Be7 7.Be3 O-O 8.Qd2 Nd7
9.O-O-O Re8 10.h4 c6 11.Bd3 Nf6 12.Rde1 d5 13.Bd4 c5 14.Bxf6 Bxf6 15.Qf4 Be6
16.Ng5 g6 17.Bb5 Rf8 18.Nxe6 fxe6 19.Rxe6 Bxc3 20.Qg4 Bg7 21.h5 c4 22.hxg6 h6
23.Rd1 Qa5 24.Rxd5 Qxa2 25.Bxc4 Qxb2+ 26.Kd1 Kh8 27.f3 a5 28.Rd7 a4 29.Qh4 Qb1+
30.Kd2 Qb4+ 31.Kd1 Qb1+ 32.Kd2 Qb4+ 33.Kd1 Qb1+  1/2-1/2

[Event "Tal Memorial"]
[Site "Moscow RUS"]
[Date "2010.11.10"]
[Round "5"]
[White "Shirov,A"]
[Black "Nakamura,Hi"]
[Result "1/2-1/2"]
[WhiteElo "2735"]
[BlackElo "2741"]

1.e4 e5 2.Nf3 Nc6 3.Bb5 Nf6 4.O-O Nxe4 5.d4 Nd6 6.Bxc6 dxc6 7.dxe5 Nf5 8.Qxd8+ Kxd8
9.Nc3 Be6 10.Ng5 Ke7 11.Rd1 h6 12.Nge4 Rd8 13.Bf4 b6 14.h3 g6 15.g4 Nd4 16.Bg3 g5
17.f4 Nxc2 18.Rac1 Ne3 19.Re1 Rd3 20.Nf2 Rxc3 21.bxc3 gxf4 22.Bxf4 Nc4 23.Ne4 Kd8
24.Nf6 Kc8 25.Kg2 a5 26.Kg3 a4 27.Re2 a3 28.Rcc2 b5 29.h4 c5 30.h5 Kb7 31.g5 hxg5
32.Bxg5 Bg7 33.Kf4 Nb2 34.Rxb2 axb2 35.Rxb2 Bxf6 36.Bxf6 Rxh5 37.Rxb5+ Kc6
38.Ra5 Rh3 39.Ra3 Bd5 40.Bd8 Kb6 41.Be7 Rf3+ 42.Kg4 Re3 43.Kf4 Re4+ 44.Kf5 Re2
45.Kf6 Rg2 46.Bd8 Rf2+ 47.Kg7 Be6 48.Kf8 Re2 49.Bf6 Re3 50.Ke8 Rd3 51.Bd8 Re3
52.Bf6 Rg3 53.Kd8 Rg2 54.Ke8 Kc6 55.Ra6+ Kd5 56.Kd8 Rc2 57.Ra3 Kc6 58.Ra6+ Kb7
59.Ra3 Rd2+ 60.Ke8 Kc6 61.Bd8 Rd5 62.Bf6 Rd1 63.Bd8 Re1 64.Bf6 Rb1 65.Ra6+ Kd5
66.Kd8 Rc1 67.Ra3 Kc6 68.Ra6+ Kb5 69.Ra3 c6 70.Be7 Rc2 71.Ke8 Bd5 72.Bd6 Re2
73.Kf8 Kc4 74.Ra5 Kxc3 75.Rxc5+ Kd4 76.a4 Rxe5 77.Rxc6 Bxc6 78.Bxe5+ Kxe5
79.Kxf7 Bxa4  1/2-1/2

[Event "Tal Memorial"]
[Site "Moscow RUS"]
[Date "2010.11.12"]
[Round "7"]
[White "Aronian,L"]
[Black "Nakamura,Hi"]
[Result "1/2-1/2"]
[WhiteElo "2801"]
[BlackElo "2741"]

1.d4 Nf6 2.c4 g6 3.Nc3 Bg7 4.g3 O-O 5.Bg2 d6 6.Nf3 Nc6 7.O-O a6 8.d5 Na5
9.Nd2 c5 10.Rb1 Rb8 11.b3 b5 12.Bb2 Bh6 13.Ba1 Bf5 14.e4 Bg4 15.f3 Be3+ 16.Kh1 Bd7
17.cxb5 axb5 18.Ne2 e5 19.dxe6 fxe6 20.e5 dxe5 21.Bxe5 Rc8 22.Bxf6 Qxf6 23.Ne4 Qe7
24.Qd3 Bh6 25.f4 Bc6 26.Rbd1 Nb7 27.Qe3 b4 28.Nc1 Bd5 29.Nd3 c4 30.bxc4 Bxc4
31.Qb6 Rfd8 32.Nxb4 Bxf1 33.Rxf1 Rf8 34.a4 Kh8 35.h4 Bg7 36.a5 Qc7 37.Ng5 Nxa5
38.Qxc7 Rxc7 39.Nxe6 Rc3 40.Nd5 Rxg3 41.Nxf8 Bxf8 42.Rc1 Rg4 43.Kh2 Rxh4+
44.Kg3 g5 45.Rc8 Kg7 46.Ra8 Nc6 47.fxg5 Rd4 48.Nf6 Ne7 49.Be4 h6 50.Nh5+ Kf7
51.Bb1 hxg5 52.Ba2+ Kg6 53.Ra6+ Kxh5 54.Bf7+ Ng6 55.Rxg6 Rd3+ 56.Kg2 Kh4
57.Be6 Rg3+ 58.Kh2 Rc3 59.Kg2 Rc6 60.Bf5 Rxg6  1/2-1/2

[Event "Tal Memorial"]
[Site "Moscow RUS"]
[Date "2010.11.13"]
[Round "8"]
[White "Nakamura,Hi"]
[Black "Gelfand,B"]
[Result "1/2-1/2"]
[WhiteElo "2741"]
[BlackElo "2741"]

1.d4 d5 2.c4 c6 3.Nf3 Nf6 4.Nc3 e6 5.Bg5 Nbd7 6.e3 Qa5 7.Nd2 dxc4 8.Bxf6 Nxf6
9.Nxc4 Qc7 10.Rc1 Be7 11.g3 O-O 12.Bg2 Rd8 13.O-O Nd5 14.Qb3 Bd7 15.Ne5 Qb6
16.Qc2 Be8 17.a3 Rac8 18.Nd3 Qc7 19.Ne2 Nf6 20.Rfd1 Qb8 21.b4 a5 22.bxa5 Qa7
23.Rb1 Rc7 24.Rb3 c5 25.Rc3 Qxa5 26.Rc1 b6 27.dxc5 bxc5 28.Nxc5 Rdc8 29.Nb3 Rxc3
30.Qxc3 Qxc3 31.Rxc3 Rxc3 32.Nxc3 Bxa3 33.Nd4 Bd7 34.Ne4 Ng4 35.Nf3 Bc6 36.Ned2 Bb4
37.h3 Nf6 38.Nc4 Bd5 39.Nce5 Bc3 40.Nd4 Ne4 41.Nd3 Kf8 42.Ne2 Bf6 43.f4 Ke7
44.Nf2 Nxf2  1/2-1/2

[Event "VI World Blitz"]
[Site "Moscow RUS"]
[Date "2010.11.16"]
[Round "4.9"]
[White "Nakamura,Hi"]
[Black "Caruana,F"]
[Result "1-0"]
[WhiteElo "2741"]
[BlackElo "2709"]

1.f4 d5 2.Nf3 Nf6 3.g3 g6 4.Bg2 Bg7 5.O-O O-O 6.d3 b6 7.c3 Bb7 8.Nbd2 c5
9.Qc2 Nc6 10.e4 d4 11.Re1 Rc8 12.c4 e5 13.Bh3 Rc7 14.f5 Bc8 15.g4 Ne8 16.Nf1 Nd6
17.Ng3 b5 18.b3 a5 19.Bf1 a4 20.h4 Bd7 21.h5 Ra7 22.Bd2 Nb4 23.Qb2 Qa8 24.a3 Nc6
25.bxa4  1-0

[Event "VI World Blitz"]
[Site "Moscow RUS"]
[Date "2010.11.16"]
[Round "6.8"]
[White "Nakamura,Hi"]
[Black "Svidler,P"]
[Result "1/2-1/2"]
[WhiteElo "2741"]
[BlackElo "2722"]

1.f4 d5 2.Nf3 Nf6 3.g3 g6 4.Bg2 Bg7 5.O-O O-O 6.d3 c5 7.c3 Nc6 8.Na3 Rb8
9.Qe1 b5 10.Nc2 b4 11.Ne5 Nxe5 12.fxe5 Ng4 13.cxb4 cxb4 14.d4 Qb6 15.e3 Bf5
16.Qd1 Rbc8 17.Ne1 Bh6 18.Rf4 Bxf4 19.gxf4 Qe6 20.Bd2 f6 21.Qb3 Rc4 22.Nd3 fxe5
23.dxe5 a5 24.Ne1 Be4 25.Bh3 h5 26.a3 Qb6 27.axb4 Rxf4 28.Qa4 Rf8 29.Qxa5 Qe6
30.Ng2 Bxg2 31.Bxg2 Qxe5 32.Qxd5+ e6 33.Qxe5 Nxe5 34.Bc3 Nf3+ 35.Kh1 g5 36.b5 g4
37.Ra6 Rd8  1/2-1/2

[Event "VI World Blitz"]
[Site "Moscow RUS"]
[Date "2010.11.16"]
[Round "8.7"]
[White "Nakamura,Hi"]
[Black "Mamedyarov,S"]
[Result "1-0"]
[WhiteElo "2741"]
[BlackElo "2763"]

1.d4 Nf6 2.Bg5 d5 3.e3 Ne4 4.Bf4 c5 5.Bd3 Nc6 6.Bxe4 dxe4 7.d5 Nb4 8.Nc3 Bf5
9.a3 Na6 10.Nge2 g6 11.Be5 f6 12.Bg3 Qb6 13.O-O Rd8 14.h3 e6 15.Bh2 Bg7 16.g4 Bxg4
17.hxg4 exd5 18.Nxd5 Qe6 19.Nef4 Qf7 20.c4 f5 21.f3 O-O 22.gxf5 gxf5 23.fxe4 Bxb2
24.Rb1 Be5 25.exf5 Kh8 26.Ng6+  1-0

[Event "VI World Blitz"]
[Site "Moscow RUS"]
[Date "2010.11.16"]
[Round "9.6"]
[White "Eljanov,P"]
[Black "Nakamura,Hi"]
[Result "1-0"]
[WhiteElo "2742"]
[BlackElo "2741"]

1.Nf3 Nf6 2.c4 g6 3.g3 Bg7 4.Bg2 O-O 5.O-O d6 6.Nc3 Nc6 7.d3 e5 8.Rb1 a5
9.a3 h6 10.b4 axb4 11.axb4 Be6 12.b5 Ne7 13.Bb2 Qd7 14.Re1 Bh3 15.Bh1 Ng4
16.Qb3 f5 17.Ra1 Rab8 18.c5+ d5 19.e4 c6 20.exd5 cxd5 21.Nxe5 Nxe5 22.Nxd5 Nxd5
23.Rxe5 Bxe5 24.Qxd5+ Qxd5 25.Bxd5+ Kh7 26.Bxe5 Ra8 27.Rxa8 Rxa8 28.Bxb7 Ra5
29.Bc6 f4 30.gxf4 Ra2 31.b6  1-0

[Event "VI World Blitz"]
[Site "Moscow RUS"]
[Date "2010.11.16"]
[Round "11.5"]
[White "Ponomariov,R"]
[Black "Nakamura,Hi"]
[Result "0-1"]
[WhiteElo "2744"]
[BlackElo "2741"]

1.d4 f5 2.Nc3 d5 3.Bg5 c6 4.e3 Qb6 5.a3 Nd7 6.Bd3 e6 7.Nge2 h6 8.Bf4 Ngf6
9.O-O Be7 10.Na4 Qd8 11.b3 b5 12.Nb2 a6 13.c4 O-O 14.a4 b4 15.a5 c5 16.cxd5 Nxd5
17.Nc4 Bb7 18.Bg3 cxd4 19.Nxd4 Nc5 20.Ne5 Rc8 21.Bc4 Bf6 22.Qe2 Kh7 23.Rfc1 Nc3
24.Qe1 Bd5 25.Rc2 Bxe5 26.Bxe5 Bxc4 27.bxc4 Nd3  0-1

[Event "VI World Blitz"]
[Site "Moscow RUS"]
[Date "2010.11.16"]
[Round "12.6"]
[White "Nakamura,Hi"]
[Black "Movsesian,S"]
[Result "1-0"]
[WhiteElo "2741"]
[BlackElo "2721"]

1.e4 d6 2.d4 Nf6 3.Bd3 e5 4.c3 Nc6 5.Ne2 d5 6.exd5 Qxd5 7.O-O exd4 8.Re1 Be7
9.cxd4 O-O 10.Nbc3 Qd8 11.a3 Bg4 12.Qc2 Re8 13.Be3 Bd6 14.h3 Bh5 15.Bg5 Bg6
16.Bxg6 hxg6 17.Qb3 Na5 18.Qa4 c6 19.Rad1 b5 20.Qc2 a6 21.Nc1 Nc4 22.d5 Rxe1+
23.Rxe1 cxd5 24.Nxd5 Bh2+ 25.Kxh2 Qxd5 26.Bh4 g5 27.Bg3 Rd8 28.Re2 Qd1 29.Na2 Qxc2
30.Rxc2 Ne4 31.Nb4 a5 32.Nc6 Rd2 33.Rxd2 Nexd2 34.Nd4 Nxb2 35.Nxb5 Nbc4 36.Bc7 f5
37.Bd8 g4 38.hxg4 fxg4 39.Kg3 Ne4+ 40.Kxg4 Nxf2+ 41.Kf3 Nd3 42.Ke4 Ndb2 43.Kd4 Kf7
44.Kc3 Ke6 45.Bxa5 Kd5 46.Bb4 Nd1+ 47.Kd3 Ndb2+ 48.Ke2 Na4 49.Kf3 Ne5+ 50.Ke2 Nb6
51.Bc3 g6 52.Nc7+ Ke4 53.Ne6 Nec4 54.Bb4 Nd5 55.Bf8 Nc3+ 56.Ke1 Nb2 57.Bg7 Nd3+
58.Kf1 Na4 59.Bf8 Ne5 60.Bc5 Nd3 61.Bf8 Nab2 62.Ke2 Na4 63.Bb4 Nb6 64.Bc5 Na4
65.Bd6 Nc3+ 66.Kd2 Na4 67.Kc2 Kd5 68.Kb3 Nb6 69.Bf8 Nd7 70.Bb4 g5 71.a4 g4
72.Kc3 Nf6 73.Kxd3 Ne4 74.a5 Ng3 75.a6 Kc6 76.Be1 Nf5 77.Ke4 Nd6+ 78.Ke5 Nc4+
79.Kf4 Kb6 80.Bf2+ Kxa6 81.Kxg4 Kb5 82.Kf5  1-0

[Event "VI World Blitz"]
[Site "Moscow RUS"]
[Date "2010.11.17"]
[Round "19.10"]
[White "Nepomniachtchi,I"]
[Black "Nakamura,Hi"]
[Result "1/2-1/2"]
[WhiteElo "2720"]
[BlackElo "2741"]

1.e4 d5 2.exd5 Qxd5 3.Nc3 Qa5 4.d4 c6 5.Nf3 Nf6 6.Bd2 Bf5 7.Bc4 e6 8.Nd5 Qd8
9.Nxf6+ gxf6 10.Bb3 Nd7 11.Nh4 Bg6 12.Nxg6 hxg6 13.Qe2 Qc7 14.h4 O-O-O 15.O-O-O Bh6
16.Bxh6 Rxh6 17.g3 Rdh8 18.Rhe1 g5 19.hxg5 fxg5 20.Qe3 Qd8 21.c4 Kb8 22.d5 cxd5
23.cxd5 e5 24.d6 f5 25.Kb1 Qb6 26.Qxb6 axb6 27.Ba4 Nc5 28.Bc2 e4 29.g4 fxg4
30.b4 Nd7 31.Bxe4 Rf8 32.Re2 Rff6 33.Red2 Rf4 34.Rd4 Rxf2 35.Rc4 Re6 36.Rc7 Rxe4
37.Rxd7 Rxb4+ 38.Ka1 Rbb2 39.Rd8+ Ka7 40.d7 Rbd2 41.Rxd2 Rxd2 42.Rg8 Rxd7
43.Rxg5 Rd4 44.Kb2 Ka6 45.Kc3 Ra4 46.Kb3 b5 47.a3 Rf4 48.Rg8 Ka5 49.Rg6 Rf3+
50.Kb2 g3 51.Rg4 Rf2+ 52.Kb3 g2 53.Rg6 Re2 54.Kc3 b6 55.Kb3 Rf2 56.Rg7 Ka6
57.Kc3 Re2 58.Kb3 Rf2 59.Kc3 b4+  1/2-1/2

[Event "VI World Blitz"]
[Site "Moscow RUS"]
[Date "2010.11.17"]
[Round "21.10"]
[White "Kramnik,V"]
[Black "Nakamura,Hi"]
[Result "0-1"]
[WhiteElo "2791"]
[BlackElo "2741"]

1.Nf3 e6 2.c4 b6 3.g3 Bb7 4.Bg2 Nf6 5.O-O Be7 6.d4 O-O 7.Re1 c5 8.d5 exd5
9.Nh4 Ne4 10.cxd5 Bxh4 11.Bxe4 Bf6 12.Qc2 h6 13.Bf4 d6 14.Nd2 Qe7 15.Bg2 Nd7
16.a4 Rfe8 17.Nc4 Ne5 18.Bxe5 Bxe5 19.Qb3 Ba6 20.Nxe5 Qxe5 21.e3 c4 22.Qc3 Rac8
23.e4 Qxc3 24.bxc3 Rc5 25.f4 Bb7 26.Rad1 Ra5 27.e5 Rxa4 28.exd6 Rd8 29.Re7 Bc8
30.Rc7 Bf5 31.Re1 Rxd6 32.h3 h5 33.g4 hxg4 34.hxg4 Bxg4 35.Re8+ Kh7 36.Rxf7 Bh5
37.Be4+ Bg6 38.Bxg6+ Kxg6 39.Ree7 Rxd5 40.Rxg7+ Kf5 41.Rg5+ Kf6 42.Rxd5 Kxe7
43.Rd4 b5 44.Kf2 Ra3 45.Re4+ Kf6 46.Re3 a5 47.Re5 Rb3 48.Ke2 a4 49.Kd2 a3
50.Kc2 a2 51.Re1 Rb1 52.Rxb1  0-1

[Event "VI World Blitz"]
[Site "Moscow RUS"]
[Date "2010.11.17"]
[Round "24.3"]
[White "Nakamura,Hi"]
[Black "Karjakin,Sergey"]
[Result "1/2-1/2"]
[WhiteElo "2741"]
[BlackElo "2760"]

1.f4 d5 2.Nf3 Nf6 3.g3 g6 4.Bg2 Bg7 5.d3 O-O 6.O-O c5 7.c3 Nc6 8.Na3 d4 9.e4 Bg4
10.c4 e5 11.h3 Bxf3 12.Qxf3 exf4 13.gxf4 Nh5 14.Nc2 f5 15.e5 Qe7 16.Bd2 Rac8
17.Rab1 b6 18.b4 Kh8 19.bxc5 bxc5 20.Qf2 Bh6 21.Kh2 Nd8 22.Bd5 Ne6 23.Rb7 Rc7
24.Rxc7 Nxc7 25.Ne1 Rb8 26.Bc1 Qd7 27.Qf3 Rb1 28.Ng2 Ra1 29.Qe2 Rb1 30.Qc2 Rb8
31.Bf3 Ng7 32.Bd2 Nge6 33.Rb1 Qc8 34.h4 Rb6 35.Rxb6 axb6 36.Qa4 Qa6 37.Qxa6 Nxa6
38.Bd5 Nec7 39.Kg3 Kg7 40.Ne1 Kf8 41.Bb7 Ke7 42.Nc2 Nb8 43.Ne1 Kd7 44.Bf3 Nc6
45.Bxc6+ Kxc6 46.a4 Ne6 47.Nc2 Bf8 48.a5 bxa5 49.Bxa5 h6 50.Ne1 Be7 51.Nf3 h5
52.Ne1 Kb7 53.Nc2 Ka6 54.Bd2 Bd8 55.Ne1 Ba5 56.Bxa5 Kxa5 57.Nf3 Kb4 58.Kf2 Nd8
59.Ng5 Ka5 60.e6 Nc6 61.Ke2 Kb6 62.Nf7 Kc7 63.Kf3 Ne7 64.Ke2 Nc6 65.Kd2 Ne7
66.Kc2 Nc6 67.Kc1 Nb4 68.Kd2 Nc6 69.Kd1 Ne7 70.Kc2 Nc6  1/2-1/2

[Event "VI World Blitz"]
[Site "Moscow RUS"]
[Date "2010.11.17"]
[Round "27.7"]
[White "Mamedyarov,S"]
[Black "Nakamura,Hi"]
[Result "0-1"]
[WhiteElo "2763"]
[BlackElo "2741"]

1.d4 f5 2.g3 Nf6 3.Bg2 g6 4.h4 d6 5.h5 Nxh5 6.e4 c6 7.exf5 Bg7 8.Nc3 Nf6
9.fxg6 hxg6 10.Rxh8+ Bxh8 11.Nge2 Bf5 12.f3 Nbd7 13.g4 Be6 14.Nf4 Bf7 15.g5 Nh7
16.Qd3 Nhf8 17.Be3 e5 18.Nfe2 d5 19.O-O-O Qe7 20.Bh3 Ne6 21.f4 e4 22.Qd2 Ng7
23.Rh1 O-O-O 24.Na4 Kb8 25.Ng3 Be6 26.Bxe6 Nxe6 27.f5 gxf5 28.Nxf5 Qf8 29.Rf1 Ka8
30.a3 b5 31.Nc3 Nb6 32.Ng3 Qg8 33.b3 Bg7 34.Nf5 Bf8 35.Kb2 Rb8 36.Na2 Qh8
37.c3 c5 38.g6 c4 39.Nb4 cxb3 40.Kxb3 a5 41.Na6 Rc8 42.Qe2 Nc4 43.Bc1 Kb7
44.g7 Bxg7 45.Nc5+ Rxc5 46.dxc5 Nxc5+ 47.Kc2 Bxc3 48.Qg4 b4 49.axb4 axb4
50.Ne7 b3+ 51.Kb1 Qa8 52.Qe2 Qa1+  0-1

[Event "VI World Blitz"]
[Site "Moscow RUS"]
[Date "2010.11.18"]
[Round "33"]
[White "Aronian,L"]
[Black "Nakamura,Hi"]
[Result "1-0"]
[WhiteElo "2801"]
[BlackElo "2741"]

1.d4 Nf6 2.c4 g6 3.Nc3 Bg7 4.g3 O-O 5.Bg2 d6 6.Nf3 Nc6 7.O-O a6 8.b3 Rb8
9.Bb2 b5 10.cxb5 axb5 11.Rc1 b4 12.Na4 Na7 13.d5 e5 14.dxe6 fxe6 15.Qc2 c5
16.Rfd1 Qe7 17.Rxd6 Bb7 18.Rdd1 Rbc8 19.Ne5 Bxg2 20.Kxg2 Nb5 21.Kg1 Nd5 22.e4 Ndc3
23.Rd7 Qf6 24.f4 Nd4 25.Qg2 Nce2+ 26.Kh1 Nxc1 27.Ng4 Qd8 28.Rxd8 Rfxd8 29.Bxc1 Nxb3
30.axb3 Rd1+ 31.Qg1 Rxg1+ 32.Kxg1 c4 33.e5 cxb3 34.Bb2 Ra8 35.Nc5 Bf8 36.Nxb3 Ra2
37.Bd4 Ra3 38.Nd2 b3 39.Nf2 Bb4 40.Nc4 Ra4 41.Nb2 Ra1+ 42.Kg2 Rc1 43.Nbd3 Rc4
44.Bb2 Ba5 45.Kf3 Rc2 46.Bd4 Rd2 47.Ke3 Rc2 48.Ne4 Kf7 49.Nec5 b2 50.Nxb2 Rxh2
51.Nc4 Be1 52.Nd6+ Ke7 53.Nce4 h5 54.Bc5 Kd7 55.Nf7 Kc6 56.Be7 Kd5 57.Bh4 Ba5
58.Nf6+ Kc4 59.Nd6+ Kb4 60.Nfe4 Bb6+ 61.Kd3 Rh1 62.Ng5 Kc5 63.Nxe6+ Kd5 64.Nf8 g5
65.Bxg5 Bf2 66.Ne4 Bxg3 67.Nxg3 Rh3 68.e6 Rxg3+ 69.Ke2 Kd4 70.e7 Re3+ 71.Kf2 Re4
72.f5 Kd5 73.Ne6  1-0

[Event "VI World Blitz"]
[Site "Moscow RUS"]
[Date "2010.11.18"]
[Round "34"]
[White "Nakamura,Hi"]
[Black "Mamedov,Rau"]
[Result "0-1"]
[WhiteElo "2741"]
[BlackElo "2660"]

1.f4 Nf6 2.g3 g6 3.Bg2 Bg7 4.e4 d6 5.d4 O-O 6.Nc3 e5 7.dxe5 dxe5 8.Qxd8 Rxd8
9.fxe5 Ng4 10.Nd5 Na6 11.Bg5 Re8 12.h3 Nxe5 13.Nf6+ Bxf6 14.Bxf6 Nc4 15.Kf2 Nb4
16.Rc1 Bd7 17.a3 Na6 18.Ne2 Bc6 19.Nc3 Nc5 20.Rhe1 Nxb2 21.e5 Nc4 22.Nd5 Bxd5
23.Bxd5 Nb6 24.Ba2 Nbd7 25.Kf3 Nxf6 26.exf6 Nd7 27.g4 Nxf6 28.g5 Nd7 29.Rcd1 Rxe1
30.Rxe1 Kf8 31.Rd1 Nc5 32.Kf4 Re8 33.Rd5 b6 34.Kf3 Kg7 35.h4 h6 36.gxh6+ Kxh6
37.h5 Kg7 38.Rg5 Kf6 39.Rd5 Rh8 40.hxg6 fxg6 41.Kg2 Rh5 42.Rd1 Re5 43.Kf3 Rf5+
44.Kg2 g5 45.Bd5 Rf4 46.Bc6 Rc4 47.Rf1+ Ke5 48.Re1+ Ne4 49.Ba8 Rxc2+ 50.Kf3 Rf2+
51.Ke3 Rf4 52.Rd1 Nd6 53.Rd5+ Kf6 54.Bc6 Rc4 55.Bd7 Rc3+ 56.Ke2 Rxa3 57.Rd1 Ke5
58.Bc6 g4 59.Rd5+ Kf6 60.Rd4 g3 61.Rg4 Nf5 62.Be4 Nd4+ 63.Kd2 Ke5 64.Bb7 c6
65.Ke1 Ra2 66.Rxg3 b5 67.Kd1 a5 68.Rc3 Kd6 69.Rd3 c5 70.Rh3 c4 71.Rh5 Kc7
72.Ba6 Kb6 73.Rh6+ Kc5 74.Rh5+ Kb4 75.Rh4 Ra1+ 76.Kd2 Nb3+ 77.Ke2 Nc5 78.Bc8 a4
79.Kd2 a3 80.Kc2 Rg1  0-1

[Event "VI World Blitz"]
[Site "Moscow RUS"]
[Date "2010.11.18"]
[Round "34"]
[White "Nakamura,Hi"]
[Black "Mamedov,Rau"]
[Result "0-1"]
[WhiteElo "2741"]
[BlackElo "2660"]

1.f4 Nf6 2.g3 g6 3.Bg2 Bg7 4.e4 d6 5.d4 O-O 6.Nc3 e5 7.dxe5 dxe5 8.Qxd8 Rxd8
9.fxe5 Ng4 10.Nd5 Na6 11.Bg5 Re8 12.h3 Nxe5 13.Nf6+ Bxf6 14.Bxf6 Nc4 15.Kf2 Nb4
16.Rc1 Bd7 17.a3 Na6 18.Ne2 Bc6 19.Nc3 Nc5 20.Rhe1 Nxb2 21.e5 Nc4 22.Nd5 Bxd5
23.Bxd5 Nb6 24.Ba2 Nbd7 25.Kf3 Nxf6 26.exf6 Nd7 27.g4 Nxf6 28.g5 Nd7 29.Rcd1 Rxe1
30.Rxe1 Kf8 31.Rd1 Nc5 32.Kf4 Re8 33.Rd5 b6 34.Kf3 Kg7 35.h4 h6 36.gxh6+ Kxh6
37.h5 Kg7 38.Rg5 Kf6 39.Rd5 Rh8 40.hxg6 fxg6 41.Kg2 Rh5 42.Rd1 Re5 43.Kf3 Rf5+
44.Kg2 g5 45.Bd5 Rf4 46.Bc6 Rc4 47.Rf1+ Ke5 48.Re1+ Ne4 49.Ba8 Rxc2+ 50.Kf3  0-1

[Event "VI World Blitz"]
[Site "Moscow RUS"]
[Date "2010.11.18"]
[Round "35"]
[White "Grachev,B"]
[Black "Nakamura,Hi"]
[Result "0-1"]
[WhiteElo "2654"]
[BlackElo "2741"]

1.d4 f5 2.h3 c5 3.c3 Nf6 4.Nf3 b6 5.Bf4 Bb7 6.e3 e6 7.a4 Nc6 8.Be2 Be7 9.O-O O-O
10.c4 Nb4 11.Nc3 Ne4 12.a5 Bf6 13.Nb5 d6 14.Nd2 Nxd2 15.Qxd2 e5 16.Bh2 a6
17.dxe5 dxe5 18.Nd6 bxa5 19.Rfd1 Bc8 20.Nxc8 Rxc8 21.e4 f4 22.Bg4 Qxd2 23.Rxd2 Rcd8
24.Be6+ Kh8 25.Bd5 Nc6 26.f3 Nd4 27.Rd3 Rb8 28.Ra2 Ne2+ 29.Kf1 Nc1 30.Rda3 Nxa2
31.Rxa2 a4 32.Bg1 Be7 33.Bf2 Rb4 34.Be1 Rb6 35.Bc3 Bd6 36.Rxa4 Rfb8 37.Ke1 g5
38.Kd1 Kg7 39.Kc2 Kf6 40.Ra1 h5 41.Rh1 Bc7 42.Ra1 Rd6 43.Rh1 a5 44.Ra1 Ra6
45.Ra3 g4 46.hxg4 hxg4 47.Kd3 Kg5 48.Ra1 Rh8 49.fxg4 Rh2 50.Ke2 Rxg2+ 51.Kf3 Rg3+
52.Kf2 Rh6  0-1

[Event "VI World Blitz"]
[Site "Moscow RUS"]
[Date "2010.11.18"]
[Round "37"]
[White "Savchenko,B"]
[Black "Nakamura,Hi"]
[Result "0-1"]
[WhiteElo "2632"]
[BlackElo "2741"]

1.e4 d5 2.exd5 Qxd5 3.Nc3 Qa5 4.d4 c6 5.Bc4 Bf5 6.Nf3 e6 7.Qe2 Nf6 8.Ne5 Nbd7
9.O-O Bb4 10.Nxd7 Kxd7 11.Bd2 Rad8 12.a3 Bxc3 13.Bxc3 Qc7 14.a4 Kc8 15.h3 h5
16.a5 Rh6 17.Ra3 Rg6 18.Kh1 Rh8 19.Bd2 Ng4 20.f4 Nf6 21.Be1 h4 22.Bd3 Qd6
23.Qe5 Qd5 24.Qxd5 Nxd5 25.Bxf5 exf5 26.c4 Nf6 27.Bf2 Ne4 28.d5 c5 29.Kh2 Re8
30.Bxh4 Nd2 31.Rc1 Re2 32.Rg3 Rxg3 33.Kxg3 Ne4+ 34.Kf3 Rxb2 35.g4 g6 36.gxf5 gxf5
37.Be1 Nf6 38.Ke3 Rh2 39.h4 Rh3+ 40.Ke2 Nh5 41.Rc3 Nxf4+ 42.Kd1 Rh1 43.Kd2 Ng6
44.Re3 Kd7 45.Rb3 Kc8 46.Bf2 Ne5 47.Bxc5 Nxc4+ 48.Ke2 Nxa5 49.Re3 b6 50.Be7 Kd7
51.Bf6 Nc4 52.Re7+ Kd6 53.Rxa7 Kxd5 54.Rxf7 b5 55.Rf8 Ke6 56.Bg7 Nd6 57.Rh8 b4
58.Rb8 Rxh4 59.Bf8 Re4+ 60.Kf3 Kd5 61.Rb6 Nc4 62.Rb5+ Ke6 63.Rxb4 Ne5+ 64.Kg2 Re2+
65.Kf1 Ra2 66.Rb6+ Kd5 67.Rb5+ Ke4 68.Rb4+ Kf3 69.Rb3+ Kg4 70.Bd6 Nc4 71.Rb4 Rc2
72.Bc7 Kf3 73.Rb3+ Ne3+ 74.Ke1 Re2+  0-1

[Event "VI World Blitz"]
[Site "Moscow RUS"]
[Date "2010.11.18"]
[Round "38"]
[White "Nakamura,Hi"]
[Black "Nepomniachtchi,I"]
[Result "1/2-1/2"]
[WhiteElo "2741"]
[BlackElo "2720"]

1.e4 c5 2.Nf3 d6 3.d4 cxd4 4.Nxd4 Nf6 5.Nc3 a6 6.h3 e5 7.Nf3 Nbd7 8.a4 Qc7
9.Bg5 h6 10.Be3 Nc5 11.Nd2 Be6 12.Be2 Be7 13.O-O O-O 14.Bf3 Rac8 15.Re1 Rfd8
16.Nd5 Nxd5 17.exd5 Bf5 18.a5 Nd7 19.c3 Bh7 20.Ra4 Rf8 21.Nc4 f5 22.Nb6 Nxb6
23.Bxb6 Qd7 24.Rb4 Bf6 25.Qb3 Rf7 26.Bh5 g6 27.Be2 Kh8 28.Rc4 Bg8 29.Rxc8 Qxc8
30.c4 e4 31.Qe3 g5 32.b4 Re7 33.Qb3 f4 34.Bg4 Qe8 35.Qd1 Bc3 36.Bd4+ Bxd4
37.Qxd4+ Re5 38.Rxe4 Kg7 39.c5 Bxd5 40.Re2 Kg6 41.Qd3+ Kf6 42.Qd4 dxc5 43.bxc5 Qe7
44.Qc3 Bc6 45.Qd4 Bb5 46.Re1 Qxc5 47.Qd8+ Kg7 48.Rd1 Qe7 49.Qd4 Qc5 50.Qd8 Qe7
51.Qd4 Kg6 52.Qb6+ Bc6 53.Kh2 h5 54.Bd7 g4 55.Bxc6 bxc6 56.Qxc6+ Re6 57.Qc3 Qg5
58.Qc8 g3+ 59.Kh1 Qe7 60.Qg8+ Kh6 61.Qh8+ Kg6 62.Qg8+ Kh6 63.fxg3 Re1+ 64.Rxe1 Qxe1+
65.Kh2 fxg3+ 66.Qxg3 Qxa5 67.Qd6+ Kg7 68.Qe7+ Kg6 69.Qe6+ Kg7 70.h4 Qc7+
71.Kh3 Qc3+ 72.g3 Qa5 73.Qe7+ Kg6 74.Qe8+ Kf6 75.Qe2 Qf5+ 76.Kh2 a5 77.Qa6+ Ke7
78.Qa7+ Kd6 79.Qb6+ Ke7 80.Qa7+ Kf6 81.Qb6+ Kg7 82.Qa7+ Kg6 83.Qb6+  1/2-1/2

[Event "BNBank Final KO"]
[Site "Oslo NOR"]
[Date "2010.11.27"]
[Round "1.1"]
[White "Nakamura,Hi"]
[Black "Johannessen,LE"]
[Result "1-0"]
[WhiteElo "2741"]
[BlackElo "2514"]

1.c4 e6 2.Nf3 Nf6 3.Nc3 d5 4.d4 Be7 5.g4 O-O 6.Qc2 c5 7.g5 Nfd7 8.cxd5 exd5
9.Nxd5 Nc6 10.Be3 cxd4 11.Nxe7+ Qxe7 12.Nxd4 Nde5 13.Nxc6 Nxc6 14.Bc5 Qxg5
15.Bxf8 Kxf8 16.Qd2 Qf6 17.Bg2 Bf5 18.O-O Rd8 19.Qc3 Nd4 20.Rfe1 Qg6 21.Qg3 Qa6
22.Kh1 Re8 23.e4 Nc2 24.Rec1 Nxa1 25.exf5 Qxa2 26.f6 gxf6  1-0